Hospodársky význam nerudných surovín v Slovenskej republike v európskom kontexte

Gespeichert in:
Bibliographische Detailangaben
1. Verfasser: Muchová, Mária
Weitere Verfasser: Domaracká, Lucia, Štrba, Ľubomír, Kršák, Branislav, Adamkovič, Jaroslav
Format: Buchkapitel
Sprache:Slowakisch
Tags: Tag hinzufügen
Keine Tags, Fügen Sie das erste Tag hinzu!

MARC

LEADER 00000naa$a2200000$$$4500
001 0234265
005 20240502073811.8
041 0 |a slo 
044 |a SK 
245 1 0 |a Hospodársky význam nerudných surovín v Slovenskej republike v európskom kontexte  |c Mária Muchová, Lucia Domaracká, Ľubomír Štrba, Branislav Kršák, Jaroslav Adamkovič 
500 |a Abstrakt 
100 1 |a Muchová, Mária 
700 1 |a Domaracká, Lucia 
700 1 |a Štrba, Ľubomír 
700 1 |a Kršák, Branislav 
700 1 |a Adamkovič, Jaroslav